000 00365nam a2200145Ia 4500
005 20240807062212.0
008 240806s9999||||xx |||||||||||||| ||eng||
041 _aeng
100 _aRay Dr. Vimala Devi
245 0 _aVed kalin samaj & sanskriti /
_cRay Dr. Vimala Devi
260 _bKala Prakashan Varanashi
300 _a248
650 _aSanskrit
942 _cBK
999 _c11557
_d11557